[Event "OSEM SH 2017"]
[Site "Büsum"]
[Date "2017.09.13"]
[Round "6.30"]
[White "Kotlar, Alfred"]
[Black "Pamperin, Gerhard"]
[Result "1-0"]
[BlackElo "1927"]
[BlackTeam "SF Schwerin"]
[WhiteElo "2041"]
[WhiteTeam "SC Recklinghausen Altstadt"]

1. d4 d5 2. Nf3 Nf6 3. Bf4 e6 4. Nbd2 c5 5. e3 Nc6 6. c3 Be7 7. Bd3 O-O 8. Rc1
Bd7 9. Bb1 cxd4 10. exd4 Ne8 11. O-O g6 12. Re1 Bd6 13. Bh6 Ng7 14. Bg5 f6 15.
Bh6 Re8 16. Bxg7 Kxg7 17. Nf1 Rc8 18. Ne3 b5 19. b3 a5 20. h4 Ne7 21. Qd2 Qb6
22. Ng4 Ng8 23. h5 Qc7 24. hxg6 hxg6 25. g3 f5 26. Ne3 Re7 27. Kg2 Be8 28. Nh4
Kf8 29. Bd3 Rg7 30. Nf1 { Weiss gewinnt nach weiteren Zuegen  ( nicht
rekonstruierbar )}   1-0

[Event "OSEM SH 2017"]
[Site "Büsum"]
[Date "2017.09.13"]
[Round "6.31"]
[White "Jürgens, Peter"]
[Black "Erhart, Uwe"]
[Result "1/2-1/2"]
[BlackElo "2035"]
[BlackTeam "Raisdorfer SG"]
[WhiteElo "1893"]
[WhiteTeam "SC Tempo Göttingen"]

1. d4 Nf6 2. Bf4 g6 3. e3 Bg7 4. Nf3 d6 5. Be2 O-O 6. O-O Nbd7 7. h3 c5 8. c3 b6
9. Nbd2 Bb7 10. a4 a6 11. Bd3 Re8 12. Bh2 d5 13. Ne5 Nxe5 14. Bxe5 Nd7 15. Bxg7
 1/2-1/2

[Event "OSEM SH 2017"]
[Site "Büsum"]
[Date "2017.09.13"]
[Round "6.32"]
[White "Lehmann, Erwin"]
[Black "Bendisch, Jürgen, Dr."]
[Result "1-0"]
[BlackElo "1903"]
[BlackTeam "SV Hennef"]
[WhiteElo "2015"]
[WhiteTeam "Ahrensburger TSV"]

1. c4 e6 2. g3 d5 3. Bg2 c6 4. Nf3 Nd7 5. O-O Ngf6 6. b3 Be7 7. Bb2 O-O 8. Nc3
Re8 9. d3 Bf8 10. e4 dxe4 11. dxe4 Qc7 12. Qe2 e5 13. h3 Nb6 14. Rad1 Bd7 15.
Rd2 h6 16. a3 a5 17. Nd1 Nh7 18. Ne3 f6 19. Nh4 Be6 20. Rfd1 Rad8 21. Ng6 Rxd2
22. Qxd2 Nc8 23. Nxf8 Nxf8 24. b4 axb4 25. Qxb4 Re7 26. a4 Rd7 27. Ba3 Rxd1+
28. Nxd1 Nh7 29. Ne3 Qb6 30. a5 Qxb4 31. Bxb4 Kf7 32. f4 Ke8 33. Kf2 Kd8 34.
Bf1 Kc7 35. h4 Nd6 36. Bd3 Bf7 37. Kf3 c5 38. Bc3 exf4 39. gxf4 Ne8 40. e5 fxe5
41. fxe5 Be6 42. Kf4 Kc8 43. Bf5 Nf8 44. h5 Nc7 45. Be1 Kb8 46. Be4 Ka7 47. Nd5
Ne8 48. Bf2 Nd7 49. Bf5 Bxf5 50. Kxf5 Ka6 51. Ke6 Nxe5 52. Kxe5 Kxa5 53. Bxc5
b6 54. Bxb6+ Ka6 55. c5 Kb7 56. Ke6  1-0

[Event "OSEM SH 2017"]
[Site "Büsum"]
[Date "2017.09.13"]
[Round "6.33"]
[White "Zechel, Rolf-Rüdiger"]
[Black "Reinhold, Klaus, Dr."]
[Result "1/2-1/2"]
[BlackElo "2008"]
[BlackTeam "SC Gronau"]
[WhiteElo "1694"]
[WhiteTeam "SK Kaltenkirchen"]

1. d4 d5 2. Bf4 Nf6 3. e3 Bf5 4. Nf3 e6 5. Be2 Be7 6. h3 h6 7. O-O O-O 8. c4
dxc4 9. Bxc4 c5 10. Nc3 Nc6 11. d5 exd5 12. Nxd5 Nxd5 13. Bxd5 Qb6 14. Qb3 Qxb3
15. Bxb3 Bd3 16. Rfc1 Rfd8 17. Ne5 Nxe5 18. Bxe5 b5 19. Bc2 Bxc2 20. Rxc2 Rd5
21. Bg3 Rad8 22. b3 Rd1+ 23. Rxd1 Rxd1+ 24. Kh2 Kf8 25. Bb8 Rd7 26. Be5 f6 27.
Bb8 Kf7 28. e4 Rb7 29. Bf4 a6 30. Be3 Rc7 31. f4 c4 32. g3 cxb3 33. Rxc7 b2 34.
Rc1 bxc1=Q 35. Bxc1 b4 36. Kg2 a5 37. Kf2 Bc5+ 38. Ke2 Ke6 39. Kd3 Bf2 40. g4
Kd6 41. Kc4 Kc6 42. Bd2 Bb6 43. Bc1 Bc7  1/2-1/2

[Event "OSEM SH 2017"]
[Site "Büsum"]
[Date "2017.09.13"]
[Round "6.34"]
[White "Bondick, Karl-Heinz"]
[Black "Chmielewski, Axel"]
[Result "1/2-1/2"]
[BlackElo "1860"]
[BlackTeam "Volksdorfer SK"]
[WhiteElo "1991"]
[WhiteTeam "USC Magdeburg"]

1. d4 d5 2. c4 c6 3. Nf3 Nf6 4. Nc3 a6 5. c5 Bf5 6. e3 Nbd7 7. Bd3 Bxd3 8. Qxd3
Qc7 9. O-O g6 10. Re1 Bg7 11. e4 dxe4 12. Nxe4 Nxe4 13. Qxe4 Nf6 14. Qe2 Nd5
15. Bg5 O-O 16. Qc4 Rfe8 17. Re2 Kf8 18. Rae1 Qd7 19. Bd2 Bf6 20. b4 h5 21. a4
h4 22. h3 Qf5 23. Ne5 Qc8 24. b5 axb5 25. axb5 e6 26. Re4 Kg8 27. Rg4 Ne7 28.
bxc6 bxc6 29. Qd3 Nf5 30. Rf4 Rd8 31. g4 hxg3 32. fxg3 Be7 33. g4 g5 34. Rfe4
Ng7 35. Qf3 Rf8 36. Nc4 Qd8 37. Bc3 Ra4 38. Ne5 Qd5 39. R4e3 Ra6 40. Rf1 Qxf3
41. Rexf3 f5 42. Ng6 Re8 43. gxf5 exf5 44. Re1 Kf7 45. Ne5+ Kf8 46. Rfe3 Bd8
47. Nd7+  1/2-1/2

[Event "OSEM SH 2017"]
[Site "Büsum"]
[Date "2017.09.13"]
[Round "6.35"]
[White "Prause, Dieter"]
[Black "Wolke, Reimund"]
[Result "0-1"]
[BlackElo "1979"]
[BlackTeam "Hamburger SK"]
[WhiteElo "1793"]
[WhiteTeam "vereinslos"]

1. d4 Nf6 2. Nf3 g6 3. c4 Bg7 4. Nc3 d5 5. cxd5 Nxd5 6. e4 Nxc3 7. bxc3 c5 8.
Bb5+ Nc6 9. Bxc6+ bxc6 10. O-O Bg4 11. Be3 O-O 12. h3 Bxf3 13. Qxf3 cxd4 14.
cxd4 Bxd4 15. Rad1 c5 16. Bxd4 cxd4 17. Qd3 e5 18. Rd2 Qd6 19. Rb1 Rab8 20. Rb3
Rxb3 21. axb3 Rc8 22. Ra2 Rc1+ 23. Kh2 Rc7 24. Qb5 Kg7 25. Ra6 Qe7 26. Ra5 f6
27. g4 g5 28. f3 Qd8 29. Qb4 Rd7 30. Rb5 d3 31. Rd5 Rxd5 32. exd5 Qxd5 33. Qe7+
Qf7 34. Qd6 Qxb3 35. Qd7+ Qf7 36. Qxd3 Qc7 37. Kg2 a5 38. Qb3 Qd7 39. Kg3 a4
40. Qb4 Qa7 41. h4 gxh4+ 42. Kxh4 Qf2+ 43. Kh3 Qxf3+ 44. Kh4 Qf2+ 45. Kh3 Qe3+
46. Kg2 Qe2+ 47. Kg3 Qd3+ 48. Kh4 Qd7 49. Qc5 Qb7 50. Qd6 Qa7 51. Qa3 e4 52.
Qg3 Qc5 53. Qb8 Qe7 54. Qb5 a3 55. Qa4 e3 56. Qd4 e2  0-1

[Event "OSEM SH 2017"]
[Site "Büsum"]
[Date "2017.09.13"]
[Round "6.36"]
[White "Strobel, Walter"]
[Black "Alvarez, Luis"]
[Result "1-0"]
[BlackElo "1849"]
[BlackTeam "Zug um Zug Everswinkel"]
[WhiteElo "2189"]
[WhiteTeam "SK Klingenberg"]

1. e4 d5 2. exd5 Qxd5 3. Nf3 Bg4 4. Be2 Nf6 5. d4 Nc6 6. h3 Bh5 7. O-O e6 8. c4
Qd8 9. Be3 Be7 10. Nbd2 O-O 11. Qb3 Rb8 12. Rfd1 Na5 13. Qc3 b6 14. b4 Nb7 15.
g4 Bg6 16. Ne5 Qe8 17. Bf3 Nd8 18. b5 Bd6 19. h4 h6 20. a4 Rc8 21. a5 Qe7 22.
Nxg6 fxg6 23. c5 bxc5 24. dxc5  1-0

[Event "OSEM SH 2017"]
[Site "Büsum"]
[Date "2017.09.13"]
[Round "6.37"]
[White "Botvinnik, Alexey"]
[Black "Muuss, Klaus"]
[Result "0-1"]
[BlackElo "2064"]
[BlackTeam "VSF Flintbek"]
[WhiteElo "1836"]
[WhiteTeam "SG Porz"]

1. e4 c5 2. Nf3 d6 3. d4 cxd4 4. Nxd4 Nf6 5. Nc3 g6 6. Bb5+ Bd7 7. Bxd7+ Nbxd7
8. O-O Bg7 9. Kh1 O-O 10. Be3 Nc5 11. f3 a6 12. Qd2 Rc8 13. Rad1 Qc7 14. Bg5
Ncd7 15. Bh6 Ne5 16. Bxg7 Kxg7 17. Qf2 Nc4 18. Rb1 e5 19. Nb3 Nxb2 20. Nd5 Nxd5
21. exd5 Nc4 22. f4 f6 23. f5 g5 24. h4 h6 25. Qf3 b5 26. Qg3 Qf7 27. Rbd1 Qh5
28. Na1 Kh7 29. Qf2 Qxh4+ 30. Qxh4 gxh4 31. Rd3 Rg8 32. Rf2 Rg4 33. Nb3 Rcg8
34. Nd2 e4 35. Nxc4 exd3 36. Nxd6 Rxg2 37. Rxg2 Rxg2 38. cxd3 Rd2 39. Ne8 Rxd3
40. Nxf6+ Kg7 41. Ne8+ Kf7 42. Nc7 Kf6 43. Nxa6 Rxd5 44. Nc7 Rxf5 45. Kh2 Kg5
46. Ne6+ Kg4 47. Nd4 Rf2+ 48. Kg1 Kg3 49. Nxb5 h3  0-1

[Event "OSEM SH 2017"]
[Site "Büsum"]
[Date "2017.09.13"]
[Round "6.38"]
[White "Kolkwitz, Klaus"]
[Black "Limberg, Siegfried"]
[Result "0-1"]
[BlackElo "2019"]
[BlackTeam "SF Taunus"]
[WhiteElo "1836"]
[WhiteTeam "ESV Eberswalde"]

1. d4 Nf6 2. Nf3 e6 3. e3 c5 4. c3 b6 5. Bd3 Bb7 6. Nbd2 d5 7. O-O Be7 8. Qe2
Nbd7 9. e4 dxe4 10. Nxe4 cxd4 11. Nxd4 O-O 12. Rd1 Nxe4 13. Bxe4 Bxe4 14. Qxe4
Nc5 15. Qe2 Qc8 16. Be3 Rd8 17. Nf3 Bf6 18. Rxd8+ Qxd8 19. Rd1 Qc7 20. Bd4 Bxd4
21. Rxd4 h6 22. b4 Nd7 23. Qc4 Qb7 24. Qb5 Nf6 25. c4 a6 26. Qe5 a5 27. bxa5
bxa5 28. Qb5 Qc6 29. Qe5 Qb7 30. Qb5 Qc8 31. Kf1 a4 32. Ne5 a3 33. Nd7 Nxd7 34.
Qxd7 Qc5 35. Qc6 Qf5 36. Qb6 Qc2 37. c5 Qxa2 38. c6 Qa1+ 39. Ke2 a2 40. c7 Kh7
41. Qb7 Qxd4 42. Qxa8 Qc4+ 43. Ke3 Qxc7 44. Qxa2 Qxh2 45. Qc2+ f5 46. g3 Qh5
47. Kf4 Qg5+ 48. Kf3 Qg4+ 49. Ke3 Kg6 50. Qc6 Qe4+ 51. Qxe4 fxe4 52. Kxe4 Kf6
53. Kf4  0-1

[Event "OSEM SH 2017"]
[Site "Büsum"]
[Date "2017.09.13"]
[Round "6.39"]
[White "Berenstein, Alexander"]
[Black "Mewes, Hans-Dieter"]
[Result "1/2-1/2"]
[BlackElo "1845"]
[BlackTeam "VHS Heide"]
[WhiteElo "1968"]
[WhiteTeam "SV Rendsburg"]

1. e4 d5 2. exd5 Qxd5 3. Nc3 Qd6 4. Nf3 Nf6 5. Be2 a6 6. O-O b5 7. a3 Bb7 8. b4
e6 9. Bb2 Be7 10. d4 Nbd7 11. Qd3 O-O 12. Rad1 Rfe8 13. h3 Rad8 14. g3 Qc6 15.
Kh2 Ne5 16. d5 Nxf3+ 17. Bxf3 exd5 18. Ne2 Ne4 19. Nd4 Qc4 20. Bxe4 dxe4 21.
Qxc4 bxc4 22. Nf5 Bf8 23. Ne3 c5 24. c3 Bc6 25. Rfe1  1/2-1/2

[Event "OSEM SH 2017"]
[Site "Büsum"]
[Date "2017.09.13"]
[Round "6.40"]
[White "Armbrüster, Jürgen"]
[Black "Pantel, Heinrich"]
[Result "1/2-1/2"]
[BlackElo "1834"]
[BlackTeam "SK Kaltenkirchen"]
[WhiteElo "1961"]
[WhiteTeam "SF Katernberg"]

1. e4 d5 2. exd5 Qxd5 3. Nc3 Qa5 4. d4 c6 5. Nf3 Bf5 6. Bd3 Bxd3 7. Qxd3 e6 8.
O-O Nf6 9. Bd2 Nbd7 10. Ne4 Qc7 11. c4 Nxe4 12. Qxe4 Nf6 13. Qe2 Be7 14. Rfe1
O-O 15. Ne5 Bd6 16. Bc3 Rfd8 17. Qf3 c5 18. dxc5 Bxc5 19. Ng4 Nxg4 20. Qxg4 Bf8
21. h4 Rd3 22. Rad1 Rad8 23. Rxd3 Rxd3 24. Qe4 Qd7 25. g3 Rd1 26. Rxd1 Qxd1+
27. Kg2 Qd7 28. h5 f6 29. h6 e5 30. hxg7 Bxg7 31. g4 a6 32. f3 Bh6 33. Kf2 Bf4
34. Ke2 Kg7 35. Qd3 Qf7 36. Bd2  1/2-1/2

[Event "OSEM SH 2017"]
[Site "Büsum"]
[Date "2017.09.13"]
[Round "6.41"]
[White "Jünger, Leonhard"]
[Black "Gebuhr, Günter"]
[Result "0-1"]
[BlackElo "1961"]
[BlackTeam "SSV Weimar"]
[WhiteElo "1833"]
[WhiteTeam "Aachener SV"]

1. e4 c5 2. Nc3 Nc6 3. f4 g6 4. Nf3 Bg7 5. Bb5 e6 6. Bxc6 bxc6 7. d3 Ne7 8. O-O
O-O 9. Be3 d6 10. Rb1 Rb8 11. Na4 Qa5 12. b3 Ba6 13. Qe2 Qc7 14. Qf2 Bb5 15.
Nb2 h6 16. a4 Ba6 17. Kh1 Rb7 18. Rfd1 Rd8 19. Qd2 d5 20. Qe1 d4 21. Bd2 Qb8
22. Qh4 f6 23. Rg1 g5 24. fxg5 fxg5 25. Qh5 Rf8 26. Rbf1 Qe8 27. Qg4 Ng6 28. g3
Rbf7 29. Kg2 Bc8 30. Qh5 Re7 31. Nc4 Nf4+ 32. Bxf4 Qxh5 33. Bd6 Ref7 34. Bxf8
Rxf8  0-1

[Event "OSEM SH 2017"]
[Site "Büsum"]
[Date "2017.09.13"]
[Round "6.42"]
[White "Zimmermann, Manfred"]
[Black "Reichwald, Klaus"]
[Result "1-0"]
[BlackElo "1834"]
[BlackTeam "SC Lohhof"]
[WhiteElo "1949"]
[WhiteTeam "Kieler SG"]

1. d4 Nf6 2. Nf3 g6 3. Nc3 Bg7 4. e4 d6 5. Be3 c6 6. Qd2 O-O 7. O-O-O b5 8. Bd3
a5 9. Bh6 a4 10. h4 b4 11. Nb1 b3 12. a3 Qa5 13. c3 Qh5 14. Bxg7 Kxg7 15. Rde1
e5 16. Ng5 h6 17. Be2 Bg4 18. f3  1-0

[Event "OSEM SH 2017"]
[Site "Büsum"]
[Date "2017.09.13"]
[Round "6.43"]
[White "Potschka, Dieter"]
[Black "Mentink, Toon"]
[Result "1-0"]
[BlackElo "1946"]
[BlackTeam "Stukkenjagers"]
[WhiteElo "1829"]
[WhiteTeam "VfL Geesthacht"]

1. c4 e5 2. Nc3 d6 3. e4 Nc6 4. Nf3 Nge7 5. d3 f5 6. Be2 g6 7. Nd5 Nxd5 8. cxd5
Ne7 9. Bd2 Bg7 10. Qc1 O-O 11. b4 Bd7 12. a4 c6 13. dxc6 bxc6 14. Ra3 d5 15.
O-O d4 16. Qc5 fxe4 17. dxe4 Bg4 18. Bc4+ Kh8 19. Nxe5 Bd7 20. Nf7+ Rxf7 21.
Bxf7 Qf8 22. Bc4 Ng8 23. Qxf8 Rxf8 24. f4 Nf6 25. e5 Ne4 26. Be1 Re8 27. Bd3
Nc3 28. Bxc3 dxc3 29. Rxc3 g5 30. g3 h5 31. Bg6 Rb8 32. Rd1 Bg4 33. Rd6 Bf8 34.
Rdxc6 Rxb4 35. f5 Bh3 36. Rc8 Kg8 37. e6 Rb1+ 38. Rc1 Rb2 39. R8c7 Re2 40. e7
Rg2+ 41. Kh1 Bxe7 42. Rxe7 Kf8 43. Rxa7  1-0

[Event "OSEM SH 2017"]
[Site "Büsum"]
[Date "2017.09.13"]
[Round "6.44"]
[White "Auterhoff, Jürgen, Dr."]
[Black "Baerthel, Klaus"]
[Result "1/2-1/2"]
[BlackElo "1938"]
[BlackTeam "Naumburger SV"]
[WhiteElo "1815"]
[WhiteTeam "SC Pasing"]

1. e4 c5 2. Nf3 Nc6 3. d4 cxd4 4. Nxd4 g6 5. Be2 Bg7 6. Be3 Nf6 7. Nc3 O-O 8.
O-O d5 9. exd5 Nxd5 10. Nxd5 Nxd4 11. Bxd4 Qxd5 12. Bxg7 Qxd1 13. Raxd1 Kxg7
14. Rd2 Be6 15. Rfd1 Rac8 16. a4 a5 17. Bb5 Rc7 18. c3 Rfc8 19. Bd7 Bxd7 20.
Rxd7 Kf6 21. Rxc7 Rxc7 22. Rd5 b6 23. Kf1 Rc6 24. Rd3  1/2-1/2

[Event "OSEM SH 2017"]
[Site "Büsum"]
[Date "2017.09.13"]
[Round "6.45"]
[White "Meul, Willi"]
[Black "Fritsch, Jürgen, Dr."]
[Result "0-1"]
[BlackElo "1831"]
[BlackTeam "HSK LTu"]
[WhiteElo "1938"]
[WhiteTeam "SV Hürth-Berrenrath"]

1. d4 d5 2. Nf3 Nf6 3. e3 Bf5 4. c4 c6 5. Qb3 Qb6 6. Nc3 e6 7. c5 Qxb3 8. axb3
Nbd7 9. b4 b5 10. Be2 Be7 11. O-O O-O 12. Bd2 Ne4 13. Ra3 a6 14. Rfa1 Nb8 15.
Nxe4 Bxe4 16. Ne5 Rc8 17. Nxc6 Nxc6 18. Rxa6 Rab8 19. f3 Bg6 20. g4 f5 21. Kg2
Kf7 22. Kg3 h5 23. h4 hxg4 24. fxg4 fxg4 25. Bxg4 Bf5 ( 25... Bf8)26. Rf1 g6
27. h5 Bf6 28. hxg6+ Kxg6 29. Be2 Be4 30. Rg1 Kf7 31. Kf2 Ke7 32. Ke1 Kd7 33.
Bc3 Rc7 34. Kd2 Ra7 35. Rga1 Rxa6 36. Rxa6 Bd8 37. Bh5 Bc7 38. Bf7 Bf5 39. Bh5
Rh8 40. Be2 Rb8 41. Kc1 Bg6 42. Bg4 Be8 43. e4 dxe4 44. d5 Bf4+ 45. Kd1 Nd8 46.
c6+ Kd6 47. Bd4 Kxd5 48. c7 Bxc7 49. Bc5 Bc6 50. Ke2 Ra8  0-1

[Event "OSEM SH 2017"]
[Site "Büsum"]
[Date "2017.09.13"]
[Round "6.46"]
[White "Merettig, Georg"]
[Black "Oettel, Lothar"]
[Result "0-1"]
[BlackElo "1937"]
[BlackTeam "TSG Oberschöneweide"]
[WhiteElo "1814"]
[WhiteTeam "SV Caissa Wolfenbüttel"]

1. Nc3 d5 2. e4 dxe4 3. Nxe4 Nf6 4. Ng3 c5 5. Nf3 Nc6 6. c3 Bg4 7. h3 Bxf3 8.
Qxf3 e6 9. Bb5 Rc8 10. O-O Be7 11. Re1 O-O 12. Ne4 a6 13. Ba4 Nd5 14. d3 Ne5
15. Qe2 Ng6 16. Bc2 f5 17. Ng3 Rc6 18. Nf1 f4 19. c4 f3 20. gxf3 Ndf4 21. Bxf4
Nxf4 22. Qe3 Nxh3+ 23. Kh1 Bg5 24. Qe2 Bf4 25. Ng3 Qh4 26. Kg2 Bb8 27. Qf1 Nf4+
28. Kg1 e5 29. Re4 Rh6 30. Rxf4 Qh2#  0-1

[Event "OSEM SH 2017"]
[Site "Büsum"]
[Date "2017.09.13"]
[Round "6.47"]
[White "Schwetje, Siegfried"]
[Black "Welsch, Dieter Sen."]
[Result "1-0"]
[BlackElo "1823"]
[BlackTeam "SC Cochem"]
[WhiteElo "1930"]
[WhiteTeam "SC Bad Salzdetfurth"]

1. d4 d5 2. Nf3 Nf6 3. c4 c6 4. cxd5 cxd5 5. Nc3 Nc6 6. Bf4 Bf5 7. e3 e6 8. Bd3
Ne4 9. O-O Nxc3 10. bxc3 Bxd3 11. Qxd3 Be7 12. Qb5 Qd7 13. Rfb1 b6 14. a4 O-O
15. a5 Bd8 16. axb6 Bxb6 17. Nd2 Rfc8 18. c4 Bc7 19. Bxc7 Qxc7 20. cxd5 exd5
21. Qxd5 a5 22. Ra4 Nb4 23. Rbxb4 Qc3 24. Rc4 Qxd2 25. g3 Rd8 26. Qe4 Rab8 27.
Qc2 Qe1+ 28. Kg2 h5 29. Qc1 Qe2 30. Qc2 Qe1 31. Qc1 Qe2 32. Rc2 Qd3 33. Rxa5
Qe4+ 34. Kg1 g6 35. Re5 Qf3 36. Rec5 h4 37. Qf1 hxg3 38. hxg3 Kg7 39. Qg2 Qd1+
40. Qf1 Qf3 41. Rc1 Rh8 42. Qg2 Qe2 43. R5c2 Qxc2 44. Rxc2 Rb1+ 45. Qf1 Rxf1+
46. Kxf1 Re8 47. Kg2 g5 48. g4 Kg6 49. Rc5 Re6 50. Kf3 Rf6+ 51. Ke2 Ra6 52. f3
Ra3 53. d5 Kf6 54. Rc4 Ke5 55. Rd4 Ra2+ 56. Kf1 Kd6 57. Ke1 f6 58. e4 Ke5 59.
Rd3 Kd6 60. Rd2 Ra6 61. Kf2 Ke5 62. Kg3 Rd6 63. Rc2 Rd7 64. Rc6 Rf7 65. Re6+
Kd4 66. d6 Kc5 67. Re7 Rf8 68. d7 Rd8 69. Rf7 Kd6 70. Rxf6+ Kxd7 71. Rg6  1-0

[Event "OSEM SH 2017"]
[Site "Büsum"]
[Date "2017.09.13"]
[Round "6.48"]
[White "Neumann, Horst"]
[Black "Hellwege, Werner"]
[Result "1/2-1/2"]
[BlackElo "1929"]
[BlackTeam "HSK LTu"]
[WhiteElo "1809"]
[WhiteTeam "SG Güls/Niederfell"]

1. d4 d5 2. Nf3 e6 3. Bf4 c5 4. c3 cxd4 5. Nxd4 Nf6 6. e3 a6 7. Bd3 Be7 8. Nd2
Nbd7 9. N2f3 O-O 10. Rc1 Re8 11. Ne5 Nxe5 12. Bxe5 g6 13. Bc2 Nd7 14. Bg3 Bf6
15. O-O Nc5 16. Qd2 e5 17. Ne2 b5 18. b3 Bb7 19. Rfd1 Qb6 20. Kh1 Rad8 21. Bb1
Qc6 22. f3 Ne6 23. Qc2 Qb6 24. Bf2 Bg5 25. f4 exf4 26. Nxf4 Nc5 27. Qb2 Ne4 28.
Bg1 Qf6 29. Rf1 Qe5 30. Bxe4 Qxe4 31. Qf2 Bxf4 32. Qxf4 Qxf4 33. Rxf4 Re4 34.
Bf2 f5 35. Kg1 Rc8 36. Rxe4 dxe4 37. Kf1 Kf7 38. Ke2 Bd5 39. Rd1 Ke6 40. Be1
Rc7 41. Rd4  1/2-1/2

[Event "OSEM SH 2017"]
[Site "Büsum"]
[Date "2017.09.13"]
[Round "6.49"]
[White "Lehr, Thomas"]
[Black "Bordasch, Christian, Dr."]
[Result "1-0"]
[BlackElo "1805"]
[BlackTeam "SK Norderstedt"]
[WhiteElo "1922"]
[WhiteTeam "Husumer SV"]

1. e4 c6 2. d4 d5 3. e5 Bf5 4. h4 h6 5. g4 Bh7 6. e6 fxe6 7. Bd3 Na6 8. Nh3 Bxd3
9. Qxd3 Nf6 10. Nf4 Nc7 11. Ng6 Rg8 12. f3 Nd7 13. h5 e5 14. dxe5 e6 15. Be3
Be7 16. Nd2 Nf8 17. O-O-O Nxg6 18. Qxg6+ Kd7 19. Nb3 Qe8 20. Qd3 Qf8 21. Rhf1
Na6 22. Qe2 Bc5 23. Nxc5+ Nxc5 24. c4 Kc7 25. Kb1 Nd7 26. cxd5 exd5 27. f4 Nc5
28. f5 Ne4 29. Qc2 Qd8 30. Bf4 b6 31. Rfe1 Qe8 32. Rxd5 Nc5 33. e6+ Kb7 34. Rd6
Rd8 35. Red1 Rxd6 36. Rxd6 a5 37. Be3 Qc8 38. Bxc5 bxc5 39. Rd7+ Kb6 40. Qb3+
Ka6 41. Qe3 Kb6 42. e7  1-0

[Event "11.Offene Senioren SH 2017"]
[Site "Büsum"]
[Date "2017.09.13"]
[Round "6.50"]
[White "Fleischer, Martin"]
[Black "Brandt, Fred"]
[Result "1-0"]
[BlackElo "1805"]
[BlackTeam "Königsjäger Süd-West"]
[EventDate "2017.??.??"]
[PlyCount "45"]
[WhiteElo "1919"]
[WhiteTeam "SV Einheit Schwerin"]

1. e4 e5 2. Nf3 Nc6 3. c3 d6 4. Bc4 Bg4 5. Qb3 Qd7 6. Qxb7 Rb8 7. Qa6 Bxf3 8.
gxf3 Nge7 9. Bf1 g6 10. h4 h5 11. d3 Bg7 12. Nd2 O-O 13. Qa4 d5 14. Nb3 Qd6 15.
Bg5 f6 16. Be3 d4 17. Bd2 Rb7 18. Qc4+ Kh7 19. Rd1 f5 20. Bc1 fxe4 21. Nc5 Qf6
22. Nxe4 Qf5 23. Bh3  1-0

[Event "11.Offene Senioren SH 2017"]
[Site "Büsum"]
[Date "2017.09.13"]
[Round "6.51"]
[White "Hülle, Gunter"]
[Black "Van Dongen, Rob"]
[Result "0-1"]
[BlackElo "1907"]
[BlackTeam "VAS Amsterdam"]
[EventDate "2017.??.??"]
[PlyCount "56"]
[WhiteElo "1794"]
[WhiteTeam "SV Springer Leipzig"]

1. b4 e5 2. Bb2 d6 3. e3 Nf6 4. Nf3 Bg4 5. Be2 c6 6. c4 Qb6 7. a3 Nbd7 8. O-O a5
9. Nxe5 Nxe5 10. Bxe5 Bxe2 11. Qxe2 dxe5 12. c5 Qc7 13. Nc3 Be7 14. d4 O-O 15.
b5 exd4 16. exd4 Rfe8 17. Qf3 Qd7 18. Rfd1 Rad8 19. bxc6 bxc6 20. Rab1 Nd5 21.
Nxd5 Qxd5 22. Qxd5 Rxd5 23. Re1 Kf8 24. Rb6 Bf6 25. Kf1 Rxe1+ 26. Kxe1 Bxd4 27.
Rxc6 Bxc5 28. a4 Bb4+  0-1

[Event "11.Offene Senioren SH 2017"]
[Site "Büsum"]
[Date "2017.09.13"]
[Round "6.52"]
[White "Meinke, Dietlind"]
[Black "Lüders, Günter"]
[Result "1-0"]
[BlackElo "1796"]
[BlackTeam "TSV Benshausen"]
[EventDate "2017.??.??"]
[PlyCount "45"]
[WhiteElo "1906"]
[WhiteTeam "MTV Leck"]

1. e4 c5 2. Nc3 d6 3. f4 g6 4. Nf3 Bg7 5. Bc4 e6 6. O-O Ne7 7. Qe1 Nec6 8. f5
Nd4 9. Nxd4 Bxd4+ 10. Kh1 gxf5 11. exf5 Bxc3 12. dxc3 e5 13. Qg3 Qf6 14. Bg5
Qg7 15. Rad1 h6 16. Bh4 Qxg3 17. hxg3 Nd7 18. Rxd6 a6 19. a4 Rb8 20. Re1 h5 21.
Rxe5+ Kf8 22. Re7 Rh7 23. Be6  1-0

[Event "11.Offene Senioren SH 2017"]
[Site "Büsum"]
[Date "2017.09.13"]
[Round "6.53"]
[White "Reinke, Kurt"]
[Black "Hansch, Klaus-Michael"]
[Result "1-0"]
[BlackElo "1893"]
[BlackTeam "SC Weisse Dame (Berlin)"]
[EventDate "2017.??.??"]
[PlyCount "44"]
[WhiteElo "1793"]
[WhiteTeam "SG Benrath"]

1. d4 Nf6 2. g4 h6 3. Nc3 d5 4. h3 e6 5. Nf3 Nbd7 6. Bf4 a6 7. Qd2 Bb4 8. Bg2
Ne4 9. Qe3 c6 10. O-O Nxc3 11. bxc3 Be7 12. Qd3 Nf6 13. Nd2 Bd6 14. Be5 Bxe5
15. dxe5 Nd7 16. f4 O-O 17. Nf3 Nc5 18. Qd4 Nd7 19. Rab1 c5 20. Qd2 b5 21. f5
exf5 22. gxf5 f6  1-0

[Event "11.Offene Senioren SH 2017"]
[Site "Büsum"]
[Date "2017.09.13"]
[Round "6.54"]
[White "Josting, Friedel"]
[Black "Steinke, Hans-Jörg"]
[Result "1-0"]
[BlackElo "1791"]
[BlackTeam "SV Datteln"]
[EventDate "2017.??.??"]
[PlyCount "45"]
[WhiteElo "1884"]
[WhiteTeam "SG Bünde"]

1. d4 d5 2. Nf3 Nf6 3. Bf4 e6 4. e3 c5 5. Nbd2 Nc6 6. c3 Bd6 7. Bg3 Bxg3 8. hxg3
c4 9. Be2 Qc7 10. Qc2 b5 11. e4 dxe4 12. Nxe4 Nxe4 13. Qxe4 h6 14. d5 f5 15.
Qe3 Nd8 16. Nd4 Qb6 17. Bh5+ Kf8 18. O-O Bd7 19. Rfe1 g5 20. dxe6 Nxe6 21.
Nxe6+ Bxe6 22. Qxe6 Qxe6 23. Rxe6  1-0

[Event "11.Offene Senioren SH 2017"]
[Site "Büsum"]
[Date "2017.09.13"]
[Round "6.55"]
[White "Scholz, Herbert"]
[Black "Eberhardt, Michael"]
[Result "1-0"]
[BlackElo "1763"]
[BlackTeam "SC Agon Neumünster"]
[EventDate "2017.??.??"]
[PlyCount "47"]
[WhiteElo "1873"]
[WhiteTeam "PSV Neustadt"]

1. b3 Nf6 2. Bb2 e6 3. e3 b6 4. Nf3 Bb7 5. c4 c5 6. Nc3 Be7 7. Be2 O-O 8. O-O
Ne4 9. d4 cxd4 10. Nxd4 Nxc3 11. Bxc3 Bf6 12. Qc2 d5 13. Rfd1 Nd7 14. Rac1 Rc8
15. Nb5 Bxc3 16. Qxc3 Nf6 17. Nxa7 Ra8 18. Nb5 Rxa2 19. Bf3 Qb8 20. cxd5 Bxd5
21. Bxd5 Nxd5 22. Qd4 h6 23. e4 Nf4 24. Nc3 Rc8 25. Qe3 Ra5 26. g3 Ng6 27. f4
Nf8 28. Kg2 Qb7 29. Kf2 b5 30. b4 Ra3 31. Rd3 Rc4 32. Rd4 Rb3 33. Rxc4 bxc4 34.
b5 Nd7 35. Qd4 Rb2+ 36. Ke3 Rxh2 37. Qxc4 Nf6 38. Qc6 Qd7  1-0

[Event "11.Offene Senioren SH 2017"]
[Site "Büsum"]
[Date "2017.09.13"]
[Round "6.56"]
[White "Blosze, Winfried"]
[Black "Kronseder, Michael"]
[Result "1-0"]
[BlackElo "1724"]
[BlackTeam "SV Hürth-Berrenrath"]
[EventDate "2017.??.??"]
[PlyCount "84"]
[WhiteElo "1871"]
[WhiteTeam "SV Großauheim"]

1. e4 c5 2. d4 cxd4 3. c3 d5 4. Qxd4 Nf6 5. exd5 Qxd5 6. Qxd5 Nxd5 7. Be2 Nc6 8.
Bf3 e6 9. Bd2 Bd6 10. Be4 Bd7 11. Nf3 O-O 12. O-O Nb6 13. b3 f5 14. Bc2 Rac8
15. a4 Ne5 16. Bd1 Nf7 17. c4 e5 18. Nc3 e4 19. Nd4 Be5 20. Nde2 Be6 21. Rc1 a6
22. Nf4 Bxf4 23. Bxf4 g5 24. Be3 Nd7 25. g3 Nde5 26. f4 Nd3 27. Rc2 gxf4 28.
gxf4 Rfd8 29. Kh1 Nh6 30. Rg2+ Kf7 31. Bh5+ Kf6 32. Rfg1 Rg8 33. Bd4+ Ke7 34.
Rg7+ Rxg7 35. Rxg7+ Kd6 36. Rxb7 Ng4 37. Bxg4 fxg4 38. Nxe4+ Kc6 39. Rb6+ Kd7
40. Rxa6 Rc7 41. Rd6+ Ke7 42. Bf6+ Kf7  1-0

[Event "11.Offene Senioren SH 2017"]
[Site "Büsum"]
[Date "2017.09.13"]
[Round "6.57"]
[White "Nowack, Achim"]
[Black "Duijker, Bert"]
[Result "1/2-1/2"]
[BlackElo "1868"]
[BlackTeam "ASV Arnhem"]
[EventDate "2017.??.??"]
[PlyCount "63"]
[WhiteElo "1705"]
[WhiteTeam "SK Kaltenkirchen"]

1. e4 g6 2. d4 Bg7 3. c3 d6 4. Nf3 Nf6 5. Bd3 O-O 6. O-O c5 7. d5 c4 8. Bc2 e6
9. dxe6 Bxe6 10. Bf4 d5 11. e5 Nfd7 12. Bg5 Qe8 13. Re1 Nc6 14. Nd4 Nxd4 15.
cxd4 b5 16. Qd2 a5 17. h4 Nb6 18. Qe3 h5 19. Nd2 b4 20. b3 Rc8 21. Bd1 c3 22.
Nf1 c2 23. Bxh5 gxh5 24. Bf6 Bf5 25. Qg5 Bg6 26. Bxg7 Kxg7 27. Qf6+ Kg8 28.
Qxb6 Qd8 29. Qxd8 Rfxd8 30. Ne3 Rc3 31. Rac1 Kf8 32. Re2  1/2-1/2